000 00742cam a2200241 a 4500
001 8109
003 BD-RjUL
005 20211208234526.0
008 140116s1964 nyua b 001 0 eng d
035 _a(BD-RjUL)8154
_aCURL 020000026910(Edi) from wsc050
040 _aBD-RjUL
_beng
_cBD-RjUL
_dBD-RjUL
041 _aeng
082 0 0 _a515.353
_bGAP 1964
100 1 _aGarabedian, Paul.
_922903
245 1 0 _aPartial differential equations /
_cP.R. Garabedian.
260 _aNew York ;
_aLondon :
_bWiley,
_cc1964.
300 _axii, 672 p. :
_bill. ;
_c24 cm.
504 _aIncludes bibliography: p.651-661 and index.
650 0 _aDifferential equations, Partial.
_925284
942 _2ddc
_cBK
999 _c8109
_d8109